International Trade and Export Management / (Record no. 275)
[ view plain ]
| 000 -LEADER | |
|---|---|
| fixed length control field | 00521nam a2200169Ia 4500 |
| 008 - FIXED-LENGTH DATA ELEMENTS--GENERAL INFORMATION | |
| fixed length control field | 190805s9999||||xx |||||||||||||| ||und|| |
| 020 ## - INTERNATIONAL STANDARD BOOK NUMBER | |
| International Standard Book Number | 9789352623365 |
| Terms of availability | Rs. 440.00 |
| 082 04 - DEWEY DECIMAL CLASSIFICATION NUMBER | |
| Classification number | 382 |
| Item number | C4246 |
| 100 1# - MAIN ENTRY--PERSONAL NAME | |
| Personal name | Cherunilam, Francis |
| 245 10 - TITLE STATEMENT | |
| Title | International Trade and Export Management / |
| 250 ## - EDITION STATEMENT | |
| Edition statement | 20th rev. ed. |
| 260 ## - PUBLICATION, DISTRIBUTION, ETC. (IMPRINT) | |
| Place of publication, distribution, etc | Mumbai : |
| Name of publisher, distributor, etc | Himayala Publishing House, |
| Date of publication, distribution, etc | 2017 |
| 300 ## - PHYSICAL DESCRIPTION | |
| Extent | 538 p. |
| Other physical details | : |
| Dimensions | ; 24.5 cm. |
| 650 #0 - SUBJECT ADDED ENTRY--TOPICAL TERM | |
| Topical term or geographic name as entry element | International trade |
| Form subdivision | Textbooks |
| 852 ## - LOCATION/CALL NUMBER | |
| Location | |
| 942 ## - ADDED ENTRY ELEMENTS (KOHA) | |
| Item type | Books |
| Withdrawn status | Lost status | Damaged status | Not for loan | Collection code | Permanent location | Current location | Shelving location | Date acquired | Source of acquisition | Cost, normal purchase price | Total Checkouts | Full call number | Barcode | Date last seen | Date last borrowed | Koha item type | Public note | Total Renewals |
|---|---|---|---|---|---|---|---|---|---|---|---|---|---|---|---|---|---|---|
| Management Studies | IMU Kochi Library | IMU Kochi Library | General Stacks | 2017-08-03 | Excel Books Pvt. Ltd. | 440.00 | 2 | 382 C4246 | BK004500 | 2025-05-30 | 2025-05-27 | Books | Gen. Shelf-6, Row-5 | |||||
| Management Studies | IMU Kochi Library | IMU Kochi Library | General Stacks | 2018-01-09 | Educational Supplies | 440.00 | 4 | 382 C4246 | BK004853 | 2025-03-03 | 2025-02-10 | Books | Gen. Shelf-6, Row-5 | 3 | ||||
| Management Studies | IMU Kochi Library | IMU Kochi Library | General Stacks | 2018-01-09 | Educational Supplies | 440.00 | 2 | 382 C4246 | BK004854 | 2024-05-27 | 2024-05-14 | Books | Gen. Shelf-6, Row-5 | 2 | ||||
| Management Studies | IMU Kochi Library | IMU Kochi Library | General Stacks | 2017-08-03 | Excel Books Pvt. Ltd. | 440.00 | 3 | 382 C4246 | BK004499 | 2025-05-30 | 2025-05-29 | Books | Gen. Shelf-6, Row-5 |